|
|
|
|
| LEADER |
01199nam a22003014a 4500 |
| 001 |
42035 |
| 003 |
BD-DhAAL |
| 005 |
20240104142839.0 |
| 008 |
240104t2002 mauab b 001 0 eng |
| 010 |
|
|
|a 00069935
|
| 020 |
|
|
|a 0072428651
|
| 040 |
|
|
|a DLC
|c DLC
|d DLC
|
| 042 |
|
|
|a pcc
|
| 050 |
0 |
0 |
|a GB5014
|b .A24 2002
|
| 082 |
0 |
0 |
|a 904/.5
|2 21
|
| 100 |
1 |
|
|a Abbott, Patrick L.
|9 55891
|
| 245 |
1 |
0 |
|a Natural disasters /
|c Patrick L. Abbott.
|
| 250 |
|
|
|a Third edition
|
| 260 |
|
|
|a Boston :
|b McGraw-Hill,
|c 2002.
|
| 300 |
|
|
|a x, 422 pages :
|b ill., maps (some col.) ;
|c 28 cm.
|
| 504 |
|
|
|a Includes bibliographical references.
|
| 541 |
|
|
|a Complimentary copy from Professor Dr. Nasreen Khundker
|e 42035
|
| 650 |
|
0 |
|a Natural disasters.
|
| 856 |
4 |
1 |
|3 Table of contents
|u http://www.loc.gov/catdir/toc/mh031/00069935.html
|
| 856 |
4 |
2 |
|3 Publisher description
|u http://www.loc.gov/catdir/description/mh021/00069935.html
|
| 942 |
|
|
|2 ddc
|c BK
|
| 999 |
|
|
|c 46274
|d 46274
|
| 952 |
|
|
|0 0
|1 0
|2 ddc
|4 0
|6 904_500000000000000_ABB
|7 0
|9 74914
|a BRACUL
|b BRACUL
|c GEN
|d 2024-01-04
|e Complimentary copy from Professor Dr. Nasreen Khundker
|l 0
|o 904.5 ABB
|p 3010042035
|r 2024-01-04
|t 1
|w 2024-01-04
|y BK
|x Price not Available in the book
|